000 00408nam a22001697a 4500
003 macl
005 20150804173441.0
008 150804b xxu||||| |||| 00| 0 eng d
040 _cmacl
041 _aEnglish
082 _a370/KIR
100 _aRaj Kiran
_94778
245 _aAlternative Schooling In India
260 _aNew Delhi
_bSage Publication
_c2007
650 _aEducation
_94779
942 _2ddc
_cBK
999 _c50203
_d50203